Devine le personnage disney/pixar #1 - Statistiques

Statistiques générales
  • Ce quiz a été pris 1 442 fois
    1 103 depuis la dernière actualisation
  • Le résultat moyen est 10 sur 16
Statistiques - réponses
Hint Indice Réponse % Correct
1 Blonde, hiver, soeur Elsa
97%
5 Poisson, bleu, perte de mémoire Dory
91%
3 Océan, Rousse, Princesse Ariel
90%
6 Cheveux, blond, caméléon Raiponce
89%
10 Bleu, émotion Tristesse
80%
15 Livre, curieuse, robe jaune Belle
79%
2 Pixar, Jeune garçon, Jouet Andy
72%
11 Capturer, dentiste, petit Némo
70%
16 Méchante, baptème, aiguille Maléfique
68%
12 Tuer, frère, savane Mufasa
61%
8 Garçon, musique, guitare Miguel
59%
14 Timide, Vespa, montre marin Luca
48%
4 vert, petit, rond Bob Razowski
42%
7 Pixar, jouet, poubelle Fourchette
25%
13 Jeune garçon, badge, chocolat Russell
22%
9 Garçon, frère, équipe Hiro
5%
Aucun quiz correspondant
Distribution des résultats
% des personnes avec chaque résultat
Percentile par nombre de réponses
Votre historique - résultats
Vous n’avez pas pris ce quiz depuis la dernière actualisation